000 00710nam a2200265Ia 4500
001 8068
005 20240113234048.0
007 ta
008 050715s 199 a g b000 u eng u
020 _a0-07-462414-8
040 _aCotton College Assam
041 _aeng
082 _a581.16
_bH 55 Ec
100 _aHill, Albert F. .
245 0 _aEconomic Botany /
_cAlbert F. Hill.
_hTextual Documents
260 _aNew Delhi :
_bTata Mcgraw-Hill Publishing Company Ltd ,
_cC 1996.
300 _axx, 731p. :
_bill ;
_c23cm. .
504 _aIndex
653 _aBotany, Economic
653 _aEconomic Botany
942 _2ddc
_cBK
999 _c8055
_d8055